Statistiken für Schnelle Mathematik: Vielfachen von 4

Klicken Sie hier um das Quiz zu spielen!

Allgemein

  • Dieses Quiz wurde 317 mal gespielt
  • Das Durchschnittsergebnis liegt bei 10 aus 10

Antwortstatistiken

HintAntwort% Korrekt
3*412
100%
4*416
100%
1*44
100%
2*48
100%
5*420
98%
6*424
98%
7*428
96%
8*432
94%
9*436
86%
10*440
86%

Verteilung der Resultate

Perzentil nach korrekt beantworteten Fragen

Anzahl Personen mit jedem Resultat

Ihre Resultats-Entwicklung

Sie haben dieses Quiz noch nicht gespielt